000 00338nam a22001457a 4500
008 210311b ||||| |||| 00| 0 eng d
020 _a9780073109633
041 _aeng
080 _27th
_a338
082 _a338
100 _a53
101 _aMEN
245 _aOrganizational Behavior and Management
_cIvancevich,J.M
942 _2udc
_cBK
999 _c56347
_d56347